| 000 | 00475nam a22001577a 4500 | ||
|---|---|---|---|
| 003 | LK-CoMWRAF | ||
| 005 | 20231214115410.0 | ||
| 008 | 231214b |||||||| |||| 00| 0 eng d | ||
| 040 |
_aLK-CoMWRAF _dLK-CoMWRAF _eLK-CoMWRAF |
||
| 041 | _asin | ||
| 082 |
_a363 _bNIR |
||
| 245 | _aනිර් දේශාවලිය | ||
| 246 | _aNirdeshawaliya | ||
| 260 |
_aරාජගිරිය : _bරාජ්ය භාෂා කොමිෂන් සභාව _c2005 |
||
| 942 | _cBK | ||
| 999 |
_c4445 _d4445 |
||